| 000 | 01095cam a2200205 4500 | ||
|---|---|---|---|
| 001 | WB3901-14 | ||
| 008 | 021220n2002 000 0 eng u | ||
| 035 | _a(Sirsi) u120854 | ||
| 245 | _aProposal to amend the Asbestos (Prohibition) Regulations 1992 | ||
| 260 | _c2002 | ||
| 490 |
_aRICS Building Surveying Faculty News _v 16 December 2002 (1) |
||
| 520 | _aThis document sets out the Health and Safety Commission's (HSCOs) proposals to amend the Asbestos (Prohibition) Regulations 1992 (as amended in 1999). Consultation ends 28 February 2003. For RICS Building surveying faculty news story and where to send comments to http://www.rics.org/ricscms/bin/show?class=News&template=/includes/shownews.html&id=4466&faculty=Building Surveying&faculty=All Faculties To download the consultative document http://www.hse.gov.uk/condocs/cd186.htm | ||
| 590 | _aWB | ||
| 650 | _aMANAGEMENT-HEALTH AND SAFETY-HAZARDOUS SUBSTANCES-ASBESTOS | ||
| 650 | _aASBESTOS (PROHIBITIONS) REGULATIONS 1992 | ||
| 650 | _aCONSULTATION | ||
| 650 | _aIMPORTS | ||
| 690 |
_aHEALTH AND SAFETY _96244 |
||
| 942 | _n0 | ||
| 999 |
_c71830 _d71830 |
||